Statistics for 「まち」?「ちょう」?

Click here to take the quiz!

General Stats

  • This quiz has been taken 62 times
  • The average score is 14 of 30

Answer Stats

QuestionAnswer% Correct
静岡県周智郡森町まち
75%
佐賀県小城郡芦刈町ちょう
60%
岩手県二戸郡浄法寺町まち
60%
静岡県田方郡修善寺町ちょう
58%
長崎県下県郡豊玉町ちょう
56%
長崎県北松浦郡吉井町ちょう
56%
青森県上北郡十和田湖町まち
56%
山梨県南巨摩郡中富町ちょう
53%
岩手県稗貫郡大迫町まち
53%
佐賀県佐賀郡川副町まち
53%
山梨県西八代郡下部町ちょう
53%
島根県那賀郡金城町ちょう
51%
宮城県桃生郡北上町まち
49%
宮城県志田郡三本木町ちょう
49%
宮城県栗原郡高清水町まち
47%
島根県飯石郡赤来町ちょう
47%
宮城県登米郡米山町ちょう
46%
山梨県中巨摩郡白根町まち
46%
青森県三戸郡階上町ちょう
46%
長野県下伊那郡阿南町ちょう
46%
佐賀県神埼郡千代田町ちょう
46%
長野県東筑摩郡波田町まち
44%
岩手県東磐井郡藤沢町ちょう
44%
岩手県岩手郡葛巻町まち
40%
佐賀県杵島郡北方町まち
40%
山梨県北巨摩郡白州町まち
37%
長崎県南高来郡愛野町まち
35%
島根県邇摩郡温泉津町まち
33%
島根県能義郡広瀬町まち
30%
長崎県北松浦郡宇久町まち
28%

Score Distribution

Percentile by Number Answered

Percent of People with Each Score

Your Score History

You have not taken this quiz